000 00666cam a2200205 4500
001 137
005 20181127160537.0
008 070627s2006 bt a b f001 0 eng
010 _a 2007388230
020 _a9993665827
043 _aa-bt---
100 0 _aLungten Dubgyur.
245 1 0 _aCriminal justice in Bhutan :
_ba handbook on criminal procedure /
_cLungten Dubgyur.
250 _a1st ed.
260 _aThimphu :
_bRoyal Court of Justice,
_cc2006.
300 _axv, 156 p. :
_bill. (chiefly col.) ;
_c23 cm.
504 _aIncludes bibliographical references (p. 146) and index.
650 0 _aCriminal procedure
_zBhutan.
710 1 _aBhutan.
_bRoyal Court of Justice
999 _c122
_d122